<?xml version="1.0" encoding="UTF-8"?>
<record
    xmlns:xsi="http://www.w3.org/2001/XMLSchema-instance"
    xsi:schemaLocation="http://www.loc.gov/MARC21/slim http://www.loc.gov/standards/marcxml/schema/MARC21slim.xsd"
    xmlns="http://www.loc.gov/MARC21/slim">

  <leader>01352nam a2200373 a 4500</leader>
  <controlfield tag="005">20240325131452.0</controlfield>
  <controlfield tag="008">100916t1999||||ag a   f |||| 001 0 spa d</controlfield>
  <datafield tag="020" ind1=" " ind2=" ">
    <subfield code="a">9509539384</subfield>
  </datafield>
  <datafield tag="041" ind1=" " ind2=" ">
    <subfield code="a">spa</subfield>
  </datafield>
  <datafield tag="092" ind1=" " ind2=" ">
    <subfield code="c">616.0757</subfield>
    <subfield code="l">16</subfield>
    <subfield code="s">DIA</subfield>
  </datafield>
  <datafield tag="245" ind1=" " ind2=" ">
    <subfield code="a">Diagn&#xF3;stico por im&#xE1;genes para alumnos y m&#xE9;dicos residentes /  </subfield>
    <subfield code="c">Francisco A. Eleta</subfield>
  </datafield>
  <datafield tag="250" ind1=" " ind2=" ">
    <subfield code="a">1a ed.</subfield>
  </datafield>
  <datafield tag="260" ind1=" " ind2=" ">
    <subfield code="a">Buenos Aires: </subfield>
    <subfield code="b">Temis Lostalo;</subfield>
    <subfield code="c">1999.</subfield>
  </datafield>
  <datafield tag="300" ind1=" " ind2=" ">
    <subfield code="a">180 p.</subfield>
    <subfield code="b">il.</subfield>
  </datafield>
  <datafield tag="500" ind1=" " ind2=" ">
    <subfield code="a">Eleta, F. A. et al. (1999). Diagn&#xF3;stico por im&#xE1;genes para alumnos y m&#xE9;dicos residentes. (1a ed.). Buenos Aires : Temis Lostalo.</subfield>
  </datafield>
  <datafield tag="653" ind1=" " ind2=" ">
    <subfield code="a">Metodos de diagn&#xF3;stico por im&#xE1;genes</subfield>
  </datafield>
  <datafield tag="653" ind1=" " ind2=" ">
    <subfield code="a">Sistema respiratorio, diafragma y mediastino</subfield>
  </datafield>
  <datafield tag="653" ind1=" " ind2=" ">
    <subfield code="a">Coraz&#xF3;n y sistema circulatorio</subfield>
  </datafield>
  <datafield tag="653" ind1=" " ind2=" ">
    <subfield code="a">Abdomen en general y sistema digestivo</subfield>
  </datafield>
  <datafield tag="653" ind1=" " ind2=" ">
    <subfield code="a">Sistema genitourinario</subfield>
  </datafield>
  <datafield tag="653" ind1=" " ind2=" ">
    <subfield code="a">Sistema ginecol&#xF3;gico y obstetricia</subfield>
  </datafield>
  <datafield tag="653" ind1=" " ind2=" ">
    <subfield code="a">Sistema musculoesqueletico</subfield>
  </datafield>
  <datafield tag="653" ind1=" " ind2=" ">
    <subfield code="a">Cabeza &#xF3;sea</subfield>
  </datafield>
  <datafield tag="653" ind1=" " ind2=" ">
    <subfield code="a">Sistema nervioso central</subfield>
  </datafield>
  <datafield tag="653" ind1=" " ind2=" ">
    <subfield code="a">Radiolog&#xED;a intervencionista</subfield>
  </datafield>
  <datafield tag="700" ind1="1" ind2=" ">
    <subfield code="a">Eleta, Francisco A.</subfield>
    <subfield code="9">802</subfield>
  </datafield>
  <datafield tag="700" ind1="1" ind2=" ">
    <subfield code="a">Vel&#xE1;n, Osvaldo.</subfield>
    <subfield code="9">803</subfield>
  </datafield>
  <datafield tag="700" ind1="1" ind2=" ">
    <subfield code="a">San Rom&#xE1;n, Jos&#xE9; Lu&#xED;s.</subfield>
    <subfield code="9">804</subfield>
  </datafield>
  <datafield tag="700" ind1="1" ind2=" ">
    <subfield code="a">Blejman, Oscar.</subfield>
    <subfield code="9">805</subfield>
  </datafield>
  <datafield tag="700" ind1="1" ind2=" ">
    <subfield code="a">Rasumoff, Alejandro</subfield>
    <subfield code="9">1476</subfield>
  </datafield>
  <datafield tag="700" ind1="1" ind2=" ">
    <subfield code="a">Far&#xED;as, Patricia</subfield>
    <subfield code="9">1474</subfield>
  </datafield>
  <datafield tag="700" ind1="1" ind2=" ">
    <subfield code="a">Garc&#xED;a M&#xF3;naco, Ricardo</subfield>
    <subfield code="9">1477</subfield>
  </datafield>
  <datafield tag="942" ind1=" " ind2=" ">
    <subfield code="2">ddc</subfield>
    <subfield code="c">BK</subfield>
  </datafield>
  <datafield tag="999" ind1=" " ind2=" ">
    <subfield code="c">2248</subfield>
    <subfield code="d">2248</subfield>
  </datafield>
  <datafield tag="952" ind1=" " ind2=" ">
    <subfield code="0">0</subfield>
    <subfield code="1">0</subfield>
    <subfield code="2">ddc</subfield>
    <subfield code="4">0</subfield>
    <subfield code="7">0</subfield>
    <subfield code="a">BFM</subfield>
    <subfield code="b">BFM</subfield>
    <subfield code="c">CR</subfield>
    <subfield code="d">2016-03-23</subfield>
    <subfield code="e">Donaci&#xF3;n Dr. G. Zenon Beguelin marzo 2016</subfield>
    <subfield code="l">0</subfield>
    <subfield code="o">616.0757 16 DIA</subfield>
    <subfield code="p">3647</subfield>
    <subfield code="r">2016-03-23</subfield>
    <subfield code="t">Ej.1</subfield>
    <subfield code="w">2016-03-23</subfield>
    <subfield code="y">BK</subfield>
    <subfield code="z">Donaci&#xF3;n Dr. G. Zenon Beguelin marzo 2016</subfield>
  </datafield>
</record>
